| 000 | 00976nam a22002417a 4500 | ||
|---|---|---|---|
| 005 | 20160301090927.0 | ||
| 008 | 120312t mx||||| |||| 00| 0 spa d | ||
| 020 | _a9681660269 | ||
| 050 | 0 | 4 |
_aHD6957.L29 _bT73 2000 |
| 245 | 0 | 0 |
_aTratado latinoamericano de sociología del trabajo _c / Juan José Castillo,...[et al.] ; Enrique de la Garza Toledo (coordinador) |
| 250 | _a1a ed.1a.reimp. | ||
| 260 |
_aMéxico : _bEl Colegio de México, Facultad Latinoamericana de Ciencias Sociales, Universidad Autónoma Metropolitana, Fondo de Cultura Económica, _c2000 |
||
| 300 |
_a796 p. ; _c23 cm. |
||
| 490 | 0 | _aSociología | |
| 504 | _aIncluye apéndice, bibliografias e índice | ||
| 650 | 7 |
_2Lemb _aSociología industrial _zAmérica Latina |
|
| 650 | 4 |
_aTrabajo _zAmérica Latina |
|
| 700 | 1 |
_aGarza Toledo, Enrique de la, _ecoord. |
|
| 700 | 1 |
_aCastillo, Juan José _ecoaut. |
|
| 700 | 1 |
_aAbramo, Laís _ecoaut. |
|
| 700 | 1 |
_aMontero, Cecilia _ecoaut. |
|
| 942 |
_2lcc _cLIB |
||
| 999 |
_c114036 _d114036 |
||